[Event "11th Ugra Governor's Cup"]
[Site "Khanty-Mansiysk RUS"]
[Date "2015.11.27"]
[Round "5.8"]
[White "Pridorozhni, Aleksei"]
[Black "Ponkratov, Pavel"]
[Result "1/2-1/2"]
[WhiteTitle "GM"]
[BlackTitle "GM"]
[WhiteElo "2563"]
[BlackElo "2604"]
[WhiteFideId "4127870"]
[BlackFideId "4157800"]
[EventDate "2015.11.23"]

1. e4 e6 2. d4 d5 3. Nc3 Nf6 4. Bg5 dxe4 5. Nxe4 Be7 6. Bxf6 Bxf6 7. Nf3 O-O 8.
c3 Be7 9. Bd3 Nd7 10. Qe2 c5 11. dxc5 Qc7 12. O-O Nxc5 13. Nxc5 Qxc5 14. Rad1
Rb8 15. Qe4 g6 16. Qf4 Ra8 17. Bc2 Kg7 18. Rfe1 Bd8 19. h4 Bc7 20. Ne5 f6 21.
Nd3 Qd6 22. g3 Qc6 23. Qe3 Bb6 24. Qe2 a5 25. Nf4 e5 26. Nd5 Bc5 27. b4 axb4 28.
cxb4 Bd4 29. Bb3 Qd6 30. h5 Ra3 31. Ne3 Be6 32. h6+ Kh8 33. Nc4 Bxc4 34. Qxc4
Qd7 35. Kg2 Ra6 36. Rc1 Rc6 37. Qe2 Rd6 38. Rc2 f5 39. Rec1 f4 40. Qf3 Bb6 41.
Qe4 f3+ 42. Kh2 Qf5 43. Rc8 Bd8 44. Qxf5 gxf5 45. Rd1 Rxh6+ 46. Kg1 Be7 47.
Rxf8+ Bxf8 48. Rd8 Rf6 49. a4 Kg7 50. Rd7+ Kg6 51. Rxb7 Rc6 52. a5 Rc1+ 53. Kh2
e4 54. a6 e3 55. fxe3 f2 56. Bc4 Rxc4 57. Kg2 Bxb4 58. a7 Rc1 59. Kxf2 Be1+ 60.
Ke2 Ra1 1/2-1/2

[Event "11th Ugra Governor's Cup"]
[Site "Khanty-Mansiysk RUS"]
[Date "2015.11.27"]
[Round "5.9"]
[White "Matinian, Nikita"]
[Black "Belyakov, Bogdan"]
[Result "1/2-1/2"]
[WhiteTitle "IM"]
[BlackTitle "IM"]
[WhiteElo "2470"]
[BlackElo "2511"]
[WhiteFideId "24129100"]
[BlackFideId "24104795"]
[EventDate "2015.11.23"]

1. d4 Nf6 2. c4 g6 3. Nc3 Bg7 4. e4 O-O 5. Nf3 d6 6. Be2 e5 7. O-O Nc6 8. d5 Ne7
9. Kh1 Nd7 10. g4 Kh8 11. Rg1 a5 12. Be3 Ng8 13. Qd2 f6 14. Ne1 b6 15. Nd3 Nc5
16. Nxc5 bxc5 17. Nb5 Rf7 18. f3 Qf8 19. Rac1 Bh6 20. Rc3 Bxe3 21. Qxe3 Ba6 22.
Ra3 Bxb5 23. cxb5 Qb8 24. Qd2 Qb6 25. h4 h6 26. Bc4 g5 27. h5 Ra7 28. Ra4 Rf8
29. Re1 Kg7 30. Re3 Ne7 31. Rea3 Rfa8 32. Kg2 Nc8 33. Bf1 Ne7 34. Bc4 Nc8 35.
Bf1 Ne7 36. Bc4 1/2-1/2

[Event "11th Ugra Governor's Cup"]
[Site "Khanty-Mansiysk RUS"]
[Date "2015.11.27"]
[Round "5.10"]
[White "Eliseev, Urii"]
[Black "Antipov, Mikhail Al."]
[Result "0-1"]
[WhiteTitle "GM"]
[BlackTitle "GM"]
[WhiteElo "2548"]
[BlackElo "2569"]
[WhiteFideId "24131920"]
[BlackFideId "4107012"]
[EventDate "2015.11.23"]

1. e4 c5 2. Nf3 d6 3. d4 cxd4 4. Nxd4 Nf6 5. Nc3 a6 6. Bg5 Nbd7 7. Qe2 e6 8.
O-O-O Be7 9. Bd2 Qc7 10. g4 Nb6 11. g5 Nfd7 12. f4 Nc5 13. h4 Bd7 14. Bh3 O-O-O
15. f5 Kb8 16. Rdf1 e5 17. Nb3 Nca4 18. f6 gxf6 19. gxf6 Bf8 20. Rf3 Rc8 21.
Bxd7 Qxd7 22. Na5 Rc5 23. Nb3 Rc4 24. Kb1 Qg4 25. Re1 Nxc3+ 26. Bxc3 Bh6 27. Na5
Rc7 28. Bb4 Rd8 29. Qf2 Nc8 30. a3 d5 31. exd5 Rxd5 32. Rc3 Rd1+ 33. Rxd1 Qxd1+
34. Ka2 Rxc3 35. Bxc3 Qd5+ 36. b3 Bf4 37. Nc4 Nd6 38. Nxd6 Qxd6 39. Qg2 Qc6 40.
Qg8+ Qc8 41. Qxc8+ Kxc8 42. b4 Kd7 43. Kb3 Bg3 44. h5 Kd6 45. b5 axb5 46. Kb4 e4
47. Kxb5 e3 48. Kb6 e2 49. a4 e1=Q 50. Bxe1 Bxe1 51. c4 Bc3 52. a5 Bxa5+ 0-1

[Event "11th Ugra Governor's Cup"]
[Site "Khanty-Mansiysk RUS"]
[Date "2015.11.28"]
[Round "6.1"]
[White "Ponkratov, Pavel"]
[Black "Bocharov, Dmitry"]
[Result "0-1"]
[WhiteTitle "GM"]
[BlackTitle "GM"]
[WhiteElo "2604"]
[BlackElo "2558"]
[WhiteFideId "4157800"]
[BlackFideId "4138716"]
[EventDate "2015.11.23"]

1. d4 Nf6 2. c4 e6 3. Nc3 Bb4 4. Qc2 d6 5. e4 c5 6. a3 Ba5 7. dxc5 dxc5 8. e5
Ng4 9. Nf3 Nc6 10. Bf4 f6 11. exf6 Qxf6 12. Bd6 Bxc3+ 13. bxc3 b6 14. Bd3 e5 15.
h3 Nh6 16. O-O-O Qxd6 17. Be4 Qf6 18. Bxc6+ Qxc6 19. Nxe5 Qf6 20. Qa4+ Kf8 21.
Rhe1 g6 22. Rd7 Qf4+ 23. Rd2 Kg7 24. Re3 Be6 25. Rd6 Qxf2 26. Re4 Qf1+ 27. Rd1
Qf5 28. Qc6 Rhe8 29. g4 Qf6 30. Rd6 Nf7 0-1

[Event "11th Ugra Governor's Cup"]
[Site "Khanty-Mansiysk RUS"]
[Date "2015.11.28"]
[Round "6.2"]
[White "Bukavshin, Ivan"]
[Black "Kokarev, Dmitry"]
[Result "1/2-1/2"]
[WhiteTitle "GM"]
[BlackTitle "GM"]
[WhiteElo "2657"]
[BlackElo "2611"]
[WhiteFideId "4199758"]
[BlackFideId "4132181"]
[EventDate "2015.11.23"]

1. d4 Nf6 2. c4 g6 3. Nc3 Bg7 4. e4 d6 5. Be2 O-O 6. Nf3 e5 7. O-O Na6 8. Be3
Ng4 9. Bg5 Qe8 10. h3 h6 11. Bh4 exd4 12. Nxd4 Nf6 13. f3 Nh5 14. Qd2 Qe5 15.
Bf2 Nf4 16. Nd5 Nxe2+ 17. Qxe2 c6 18. f4 Qe8 19. Nc3 f5 20. Rae1 Nc5 21. e5 dxe5
22. Nxf5 Rxf5 23. Bxc5 Bd7 24. Qd3 Be6 25. fxe5 Rd8 26. Qe2 Rxf1+ 27. Rxf1 Bf7
28. Bd6 Qe6 29. c5 Re8 30. Qf2 g5 31. Re1 Qg6 32. b3 Kh7 33. Ne4 Be6 34. Qe2 Rd8
35. Rf1 Kh8 36. Nf6 Bf5 37. Qf3 Be6 38. Kh2 Ra8 39. Qg3 Rd8 40. h4 a5 41. Rf4
Ra8 42. Rd4 Bxf6 43. exf6 Kh7 44. Qe5 Bf7 45. Qe7 Re8 46. Qxb7 Re2 47. Qxc6 Qxf6
48. Rg4 gxh4 49. Rf4 Qg6 50. Qf3 Qg3+ 51. Qxg3 hxg3+ 52. Kxg3 Bd5 53. Ra4 Rxg2+
54. Kf4 h5 55. Kf5 Re2 56. Rxa5 h4 57. Ra7+ Kg8 58. Ra6 h3 59. c6 Kf7 60. Ra7+
Ke8 61. Ra8+ Kf7 62. Ra7+ Ke8 63. Ra8+ Kf7 64. c7 Be6+ 65. Kg5 Rg2+ 66. Kf4 h2
67. Rh8 Rxa2 68. Ke4 Ra8 69. Rh7+ Kg6 70. Rxh2 Bxb3 71. Rf2 Ra4+ 72. Ke5 Ra5+
73. Kd4 Be6 74. Bc5 Kg7 75. Re2 Bc8 76. Kd5 Kf7 77. Re7+ Kg6 78. Re8 Bh3 79. Rh8
Bd7 80. Rd8 Bh3 81. Kc6 Ra6+ 82. Bb6 Ra2 83. Rh8 Rc2+ 84. Bc5 Be6 85. Rg8+ Kf7
86. Rf8+ Kg7 87. Re8 Bh3 88. Kd5 Bg2+ 89. Kd4 Bh3 90. Re3 Bc8 91. Kd5 Kg6 92.
Rg3+ Kf7 93. Rf3+ Kg6 94. Rf8 Bh3 95. Rh8 Bd7 96. Kd6 Bf5 97. Bd4 Kf7 98. Bc5
Kg6 99. c8=Q Bxc8 100. Rxc8 Kf5 101. Kd5 Ra2 102. Rf8+ Kg4 103. Ke4 Ra4+ 104.
Bd4 Rb4 105. Rg8+ Kh4 106. Ke5 Kh3 107. Rg7 Ra4 108. Be3 Rg4 109. Rh7+ Kg3 110.
Kf5 Kf3 111. Bg5 Ra4 112. Rh3+ Ke2 113. Bf4 Ra8 114. Re3+ Kd1 115. Ke4 Re8+ 116.
Be5 Kd2 117. Rb3 Ke2 118. Rh3 Ke1 119. Rh2 Re7 120. Kd4 Kf1 121. Bf4 Re2 122.
Rh8 Kf2 123. Rf8 Ra2 124. Be3+ Kg3 125. Ke4 Ra4+ 126. Bd4 Kg4 127. Rf4+ Kg5 128.
Rf6 Rxd4+ 129. Kxd4 Kxf6 1/2-1/2

[Event "11th Ugra Governor's Cup"]
[Site "Khanty-Mansiysk RUS"]
[Date "2015.11.28"]
[Round "6.4"]
[White "Sjugirov, Sanan"]
[Black "Rakhmanov, Aleksandr"]
[Result "1/2-1/2"]
[WhiteTitle "GM"]
[BlackTitle "GM"]
[WhiteElo "2646"]
[BlackElo "2637"]
[WhiteFideId "4189302"]
[BlackFideId "4173708"]
[EventDate "2015.11.23"]

1. e4 e6 2. d4 d5 3. Nd2 dxe4 4. Nxe4 Bd7 5. Nf3 Bc6 6. Bd3 Nd7 7. O-O Ngf6 8.
Ng3 Be7 9. c4 O-O 10. Bf4 Bxf3 11. Qxf3 c6 12. Rfd1 Re8 13. a3 a5 14. Ne2 g6 15.
Nc3 Qb6 16. Be2 Bf8 17. Rd2 Bg7 18. Na4 Qa7 19. Be5 h5 20. h3 Nh7 21. Bxg7 Kxg7
22. Rad1 Ndf6 23. Qf4 Rad8 24. Qe5 Kg8 25. Bf3 Qa6 26. b3 Nd7 27. Qc7 Nhf6 28.
Nc5 Nxc5 29. dxc5 Rxd2 30. Rxd2 Qa8 31. Qe5 Rd8 32. Rxd8+ Qxd8 33. b4 axb4 34.
axb4 Ne8 35. b5 Qc7 36. Qb2 cxb5 37. Qxb5 Nf6 38. Bxb7 Nd7 39. Bc6 Ne5 40. Be4
f5 41. Bc2 Nd7 42. c6 Nf6 43. Qb7 Ne8 44. c5 Kf8 45. Bd3 h4 46. Bf1 Kf7 47. Bc4
Kf6 48. Qa8 Ke7 49. Qb7 Kf6 50. Bf1 Kf7 51. Qa6 Kf8 52. Qa4 g5 53. Qb5 Qf4 54.
Qb2 Kg8 55. Qb7 Nc7 56. Qc8+ Kf7 57. Qd7+ Kf6 58. Qd6 Nd5 59. Qf8+ Kg6 60. Qg8+
Kf6 61. Qh7 Ne7 62. Qh8+ Kf7 63. Qh7+ Kf6 64. Qh8+ Kf7 65. c7 Qxc7 66. Be2 g4
67. Qh7+ Kf8 68. Qh6+ Kf7 69. hxg4 Qxc5 70. Qh7+ Ke8 71. Qxh4 Qc1+ 72. Bf1 fxg4
73. Qxg4 Kf7 74. g3 Nf5 75. Qh5+ Kg7 76. Qf3 Qc5 77. Bd3 Qe5 78. Be4 Qf6 79. Qf4
Nh6 80. Qc7+ Qf7 81. Qc5 Qf6 82. Kg2 Ng4 83. Bf3 Nh6 84. Qc7+ Qf7 85. Qb6 Qf6
86. Be2 Qe5 87. Qb7+ Nf7 88. Bc4 Kf6 89. Qf3+ Qf5 90. Qe3 Qe5 91. Qf3+ Qf5 92.
Qa8 Qc5 93. Qa6 Qe5 94. Be2 Ng5 95. Qa2 Qe4+ 96. f3 Qe5 97. Qd2 Nf7 98. Bd3 Qd4
99. Qe2 Ne5 100. Ba6 Nf7 101. Bc4 Qe5 102. Qd2 Qd6 103. Qa2 Qe5 104. Bd3 Qd4
105. Bb1 Nd6 106. Kh2 Nc4 107. Qc2 Qd2+ 108. Qxd2 Nxd2 109. Ba2 Ke5 1/2-1/2

[Event "11th Ugra Governor's Cup"]
[Site "Khanty-Mansiysk RUS"]
[Date "2015.11.28"]
[Round "6.5"]
[White "Timofeev, Artyom"]
[Black "Artemiev, Vladislav"]
[Result "1/2-1/2"]
[WhiteTitle "GM"]
[BlackTitle "GM"]
[WhiteElo "2555"]
[BlackElo "2676"]
[WhiteFideId "4140419"]
[BlackFideId "24101605"]
[EventDate "2015.11.23"]

1. d4 Nf6 2. c4 g6 3. Nc3 d5 4. Bf4 Bg7 5. e3 O-O 6. Rc1 dxc4 7. Bxc4 Nbd7 8.
Nf3 Nh5 9. Bg5 h6 10. Bh4 g5 11. Bg3 Nxg3 12. hxg3 c5 13. dxc5 Nxc5 14. Qc2 e6
15. O-O Qb6 16. a3 a5 17. Bb5 a4 18. Nd2 Bxc3 19. Qxc3 Qxb5 20. Qxc5 Qxc5 21.
Rxc5 Bd7 22. f4 f6 23. Rd1 Rfd8 24. Nf3 Be8 25. Rdc1 Rd3 26. Rc7 Bc6 27. Nd4
Rxe3 28. Kf2 Rd3 29. Nxc6 bxc6 30. R1xc6 Rd2+ 31. Kg1 gxf4 32. gxf4 Kh8 33. Rxe6
Rg8 34. Rxf6 Rgxg2+ 35. Kh1 Rh2+ 36. Kg1 Rhg2+ 37. Kh1 Rh2+ 38. Kg1 Rhg2+ 1/2-1/2

[Event "11th Ugra Governor's Cup"]
[Site "Khanty-Mansiysk RUS"]
[Date "2015.11.28"]
[Round "6.7"]
[White "Antipov, Mikhail Al."]
[Black "Predke, Alexandr"]
[Result "0-1"]
[WhiteTitle "GM"]
[WhiteElo "2569"]
[BlackElo "2518"]
[WhiteFideId "4107012"]
[BlackFideId "24107581"]
[EventDate "2015.11.23"]

1. e4 e5 2. Nf3 Nc6 3. Bb5 a6 4. Ba4 Nf6 5. O-O Be7 6. Re1 b5 7. Bb3 d6 8. c3
O-O 9. h3 Nb8 10. d4 Nbd7 11. Nbd2 Bb7 12. Bc2 Re8 13. a3 Bf8 14. b4 g6 15. Bb2
Nh5 16. c4 exd4 17. Bxd4 Ne5 18. Nxe5 dxe5 19. Be3 Nf4 20. c5 Nd3 21. Rf1 Qd7
22. Qg4 Rad8 23. Rad1 Qxg4 24. hxg4 Bc8 25. Nf3 Nb2 26. Rxd8 Rxd8 27. Bb3 Bg7
28. Bd5 Bxg4 29. Ng5 Rf8 30. f3 Bc8 31. f4 Nc4 32. Bc1 h6 33. Nf3 Be6 34. Nxe5
Nxe5 35. fxe5 Rd8 36. Bf4 g5 37. Bg3 Bxd5 38. Rd1 c6 39. exd5 cxd5 40. Kf2 Kf8
41. Ke3 Ke7 42. Kd4 Rc8 43. Rc1 Ke6 44. c6 h5 45. Kc5 h4 46. Bh2 g4 47. Kb6 g3
48. Bxg3 hxg3 49. Kb7 Rg8 50. c7 Bxe5 51. c8=Q+ Rxc8 52. Rxc8 d4 53. Kxa6 d3 54.
Rc1 Kd5 55. Kxb5 f5 56. a4 f4 57. Rd1 Kd4 58. a5 Kc3 59. Kc6 f3 60. a6 Bd4 61.
b5 Kc2 62. b6 Bxb6 63. Ra1 Bd4 0-1

[Event "11th Ugra Governor's Cup"]
[Site "Khanty-Mansiysk RUS"]
[Date "2015.11.28"]
[Round "6.9"]
[White "Rozum, Ivan"]
[Black "Matinian, Nikita"]
[Result "0-1"]
[WhiteTitle "GM"]
[BlackTitle "IM"]
[WhiteElo "2559"]
[BlackElo "2470"]
[WhiteFideId "24104272"]
[BlackFideId "24129100"]
[EventDate "2015.11.23"]

1. d4 Nf6 2. c4 g6 3. Nc3 d5 4. cxd5 Nxd5 5. e4 Nxc3 6. bxc3 Bg7 7. Nf3 c5 8.
Be3 Qa5 9. Qd2 O-O 10. Rc1 Bg4 11. d5 Nd7 12. c4 Qa3 13. Be2 Bxf3 14. Bxf3 Bd4
15. Bxd4 cxd4 16. O-O Ne5 17. Qxd4 Nxf3+ 18. gxf3 Qxf3 19. e5 b6 20. Rc3 Qe2 21.
f4 Qxa2 22. f5 Rac8 23. Qf4 Qe2 24. f6 exf6 25. exf6 Qh5 26. Re3 h6 27. d6 Rfd8
28. Rfe1 Qg5+ 29. Qxg5 hxg5 30. Rd1 Rc6 31. Red3 a5 32. Kg2 a4 33. Kg3 Rxc4 34.
Re1 Rc6 35. d7 Kf8 36. Rf1 Rc7 37. Rfd1 Kg8 38. Kg4 Ra7 39. Kxg5 Ra5+ 40. Kg4
Ra7 41. Kg5 a3 42. Kh6 a2 43. Ra1 Ra5 44. Rh3 Rxd7 45. Re1 Rd8 0-1

[Event "11th Ugra Governor's Cup"]
[Site "Khanty-Mansiysk RUS"]
[Date "2015.11.28"]
[Round "6.10"]
[White "Korchmar, Vasiliy"]
[Black "Eliseev, Urii"]
[Result "0-1"]
[WhiteTitle "IM"]
[BlackTitle "GM"]
[WhiteElo "2405"]
[BlackElo "2548"]
[WhiteFideId "24131750"]
[BlackFideId "24131920"]
[EventDate "2015.11.23"]

1. d4 Nf6 2. c4 e6 3. g3 c5 4. d5 exd5 5. cxd5 b5 6. e4 Nxe4 7. Bg2 Nd6 8. Nf3
Qe7+ 9. Be3 Nc4 10. O-O Nxe3 11. fxe3 d6 12. e4 g6 13. e5 Bg7 14. exd6 Qe3+ 15.
Kh1 O-O 16. Nc3 a6 17. Re1 Qh6 18. a4 b4 19. Ne4 Nd7 20. Rc1 Bxb2 21. Rc4 Qg7
22. Neg5 Ne5 23. Nxe5 Bxe5 24. Rxc5 Bxd6 25. Rc4 Bxg3 26. Re3 Bxh2 27. Rh4 Bf4
28. Nxh7 Bxe3 29. Nxf8 Qf6 30. Re4 Qh8+ 0-1

[Event "11th Ugra Governor's Cup"]
[Site "Khanty-Mansiysk RUS"]
[Date "2015.11.29"]
[Round "7.1"]
[White "Litvinov, Maxim"]
[Black "Timofeev, Artyom"]
[Result "0-1"]
[BlackTitle "GM"]
[WhiteElo "2391"]
[BlackElo "2555"]
[WhiteFideId "24157449"]
[BlackFideId "4140419"]
[EventDate "2015.11.23"]

1. e4 c5 2. Nf3 Nc6 3. d4 cxd4 4. Nxd4 Nf6 5. Nc3 d6 6. Bg5 e6 7. Qd2 a6 8.
O-O-O Bd7 9. f3 Be7 10. h4 Ne5 11. f4 Neg4 12. g3 b5 13. Bxf6 Bxf6 14. Bh3 h5
15. Bxg4 hxg4 16. e5 dxe5 17. fxe5 Bxe5 18. Qe3 Qc7 19. Rhe1 f6 20. Qe4 O-O 21.
Qxg4 Rae8 22. Kb1 Bc8 23. h5 Rd8 24. Nce2 f5 25. Qg6 Bf6 26. h6 Qf7 27. h7+ Kh8
28. Nf4 e5 29. Qxf7 Rxf7 30. Ng6+ Kxh7 31. Nxe5 Rc7 32. c3 Bb7 33. g4 Be4+ 34.
Rxe4 fxe4 35. Rh1+ Kg8 36. Ne6 Rd2 37. Nxc7 Bxe5 38. Ne6 e3 39. Kc1 Rd6 40. Nd4
Bxd4 41. cxd4 Rxd4 42. Re1 Re4 43. Kc2 Kf7 44. Kd3 Rxg4 45. Rxe3 Rg2 46. Kc3 g5
47. Re4 Rf2 48. Re5 Kf6 49. Re8 Kf7 50. Re5 Kg6 51. Re8 g4 52. Rg8+ Kh5 53. a3
a5 54. Rh8+ Kg5 55. Rg8+ Kf4 56. Rf8+ Kg3 57. Rg8 Rf3+ 58. Kc2 a4 0-1

[Event "11th Ugra Governor's Cup"]
[Site "Khanty-Mansiysk RUS"]
[Date "2015.11.29"]
[Round "7.2"]
[White "Matinian, Nikita"]
[Black "Goganov, Aleksey"]
[Result "0-1"]
[WhiteTitle "IM"]
[BlackTitle "GM"]
[WhiteElo "2470"]
[BlackElo "2597"]
[WhiteFideId "24129100"]
[BlackFideId "24109959"]
[EventDate "2015.11.23"]

1. e4 e5 2. Nf3 Nc6 3. Bb5 Nf6 4. O-O Nxe4 5. d4 Nd6 6. Bxc6 dxc6 7. dxe5 Nf5 8.
Qxd8+ Kxd8 9. h3 Bd7 10. Rd1 Be7 11. g4 Nh4 12. Nxh4 Bxh4 13. Nd2 Kc8 14. Nf3
Be7 15. Ng5 h6 16. Ne4 b6 17. c4 Be6 18. b3 Kb7 19. Be3 a5 20. Rd3 h5 21. Bg5
Ba3 22. f3 hxg4 23. fxg4 a4 24. Rad1 Ra5 25. Bf4 Be7 26. Kg2 b5 27. Kg3 bxc4 28.
bxc4 Bxc4 29. Rd7 Bh4+ 30. Kh2 Be6 31. Nd6+ Ka8 32. Rxc7 Bxg4 33. Nxf7 Bxd1 34.
Nxh8 g5 35. Bg3 Bxg3+ 36. Kxg3 Rxe5 37. Rxc6 Re3+ 38. Kf2 Re2+ 39. Kf1 Rxa2 40.
Nf7 a3 41. Rc3 Be2+ 42. Kg1 Ra1+ 43. Kh2 Kb7 44. Nxg5 a2 45. Ra3 Bc4 46. Ne4 Rd1
47. h4 Kc6 48. h5 a1=Q 49. Rxa1 Rxa1 50. h6 Bd5 0-1

[Event "11th Ugra Governor's Cup"]
[Site "Khanty-Mansiysk RUS"]
[Date "2015.11.29"]
[Round "7.3"]
[White "Aleksandrov, Aleksej"]
[Black "Bukavshin, Ivan"]
[Result "0-1"]
[WhiteTitle "GM"]
[BlackTitle "GM"]
[WhiteElo "2615"]
[BlackElo "2657"]
[WhiteFideId "13500139"]
[BlackFideId "4199758"]
[EventDate "2015.11.23"]

1. d4 d5 2. c4 e6 3. Nf3 Nf6 4. Nc3 c6 5. e3 Nbd7 6. Bd3 dxc4 7. Bxc4 b5 8. Be2
Bb7 9. O-O a6 10. e4 c5 11. d5 exd5 12. e5 Ne4 13. Nxd5 Nb6 14. Nxb6 Qxb6 15.
Be3 Be7 16. a4 Qc6 17. e6 Nd6 18. axb5 axb5 19. Rxa8+ Bxa8 20. Bf4 fxe6 21. Bxd6
Qxd6 22. Bxb5+ Kf7 23. Qe2 Bf6 24. Ra1 Rd8 25. h3 Bd5 26. Rc1 Rb8 27. Rc2 Bxf3
28. gxf3 Rxb5 0-1

[Event "11th Ugra Governor's Cup"]
[Site "Khanty-Mansiysk RUS"]
[Date "2015.11.29"]
[Round "7.4"]
[White "Artemiev, Vladislav"]
[Black "Rakhmanov, Aleksandr"]
[Result "0-1"]
[WhiteTitle "GM"]
[BlackTitle "GM"]
[WhiteElo "2676"]
[BlackElo "2637"]
[WhiteFideId "24101605"]
[BlackFideId "4173708"]
[EventDate "2015.11.23"]

1. e4 c5 2. Nf3 Nf6 3. e5 Nd5 4. Nc3 Nxc3 5. dxc3 Nc6 6. Bd3 e6 7. O-O Qc7 8.
Qe2 b6 9. Re1 Bb7 10. Ba6 Bxa6 11. Qxa6 d5 12. c4 Rd8 13. cxd5 Rxd5 14. Qa4 h6
15. c3 Be7 16. Qg4 g6 17. Qe4 Kf8 18. a3 Kg7 19. b4 b5 20. Be3 cxb4 21. cxb4 a5
22. Rec1 axb4 23. axb4 Qb7 24. h4 Nxb4 25. Nd4 Rd7 26. Qg4 h5 27. Qe2 Nd5 28.
Nc6 Ra8 29. Na5 Qb8 30. Nc6 Qb7 31. Na5 Qb8 32. Nc6 Qe8 33. Nxe7 Rxa1 34. Rxa1
Nxe3 35. Nc6 Nf5 36. Qxb5 Nd4 37. Rb1 0-1

[Event "11th Ugra Governor's Cup"]
[Site "Khanty-Mansiysk RUS"]
[Date "2015.11.29"]
[Round "7.5"]
[White "Kokarev, Dmitry"]
[Black "Sjugirov, Sanan"]
[Result "1/2-1/2"]
[WhiteTitle "GM"]
[BlackTitle "GM"]
[WhiteElo "2611"]
[BlackElo "2646"]
[WhiteFideId "4132181"]
[BlackFideId "4189302"]
[EventDate "2015.11.23"]

1. e4 c5 2. Nf3 d6 3. Bb5+ Bd7 4. Bxd7+ Qxd7 5. O-O Nf6 6. d4 cxd4 7. Qxd4 Nc6
8. Qd3 g6 9. c4 Bg7 10. Nc3 Ng4 11. b3 f5 12. Bb2 fxe4 13. Qxe4 Qf5 14. Rfe1 O-O
15. Rad1 Nge5 16. Qxf5 Rxf5 17. Nxe5 Rxe5 18. Ne2 Re6 19. Bxg7 Kxg7 20. Kf1 Rf8
21. Nd4 Nxd4 22. Rxd4 Rxe1+ 23. Kxe1 Rf5 24. Ke2 Kf6 25. h4 g5 26. hxg5+ Rxg5
27. g3 Rh5 28. Rd1 Re5+ 29. Kf3 Rf5+ 30. Ke3 Re5+ 31. Kf3 Rf5+ 32. Ke3 Re5+ 1/2-1/2

[Event "11th Ugra Governor's Cup"]
[Site "Khanty-Mansiysk RUS"]
[Date "2015.11.29"]
[Round "7.6"]
[White "Bocharov, Dmitry"]
[Black "Belyakov, Bogdan"]
[Result "1-0"]
[WhiteTitle "GM"]
[BlackTitle "IM"]
[WhiteElo "2558"]
[BlackElo "2511"]
[WhiteFideId "4138716"]
[BlackFideId "24104795"]
[EventDate "2015.11.23"]

1. g3 Nf6 2. Bg2 g6 3. d4 Bg7 4. e4 d6 5. Ne2 O-O 6. Nbc3 e5 7. h3 h6 8. Be3 Nc6
9. O-O Qe7 10. Re1 Re8 11. dxe5 dxe5 12. Nd5 Nxd5 13. exd5 Nb8 14. Qd2 Kh7 15.
c4 Nd7 16. Rac1 e4 17. Nf4 Qe5 18. b4 Nf6 19. Bd4 Qf5 20. Rc3 Bd7 21. Rce3 b5
22. Bxf6 Qxf6 23. c5 a5 24. Bxe4 axb4 25. c6 Rxe4 26. Rxe4 Bf5 27. Re7 Rc8 28.
g4 Be6 29. Qxb4 Ra8 30. dxe6 Bf8 31. Nd5 Bxe7 32. Nxf6+ 1-0

[Event "11th Ugra Governor's Cup"]
[Site "Khanty-Mansiysk RUS"]
[Date "2015.11.29"]
[Round "7.7"]
[White "Predke, Alexandr"]
[Black "Potapov, Pavel"]
[Result "0-1"]
[BlackTitle "IM"]
[WhiteElo "2518"]
[BlackElo "2476"]
[WhiteFideId "24107581"]
[BlackFideId "4169786"]
[EventDate "2015.11.23"]

1. e4 c5 2. Nf3 Nc6 3. Nc3 e5 4. Bc4 Be7 5. d3 d6 6. h3 Nf6 7. O-O O-O 8. a3 h6
9. Rb1 Be6 10. Nd5 Bxd5 11. exd5 Nd4 12. b4 b6 13. bxc5 bxc5 14. Nd2 Rb8 15.
Rxb8 Qxb8 16. Ne4 Qb7 17. f4 Nxe4 18. dxe4 Bf6 19. Bd2 Rb8 20. Ba5 exf4 21. Qd3
Qb2 22. Bc7 Nxc2 23. Bxb8 Bd4+ 24. Kh1 Ne3 25. Rg1 Qxb8 26. Rb1 Qd8 27. Ba6 f3
28. e5 fxg2+ 29. Kg1 Nxd5+ 0-1

[Event "11th Ugra Governor's Cup"]
[Site "Khanty-Mansiysk RUS"]
[Date "2015.11.29"]
[Round "7.8"]
[White "Eliseev, Urii"]
[Black "Iskusnyh, Sergei"]
[Result "1-0"]
[WhiteTitle "GM"]
[BlackTitle "GM"]
[WhiteElo "2548"]
[BlackElo "2482"]
[WhiteFideId "24131920"]
[BlackFideId "4120027"]
[EventDate "2015.11.23"]

1. e4 e6 2. d4 d5 3. Nc3 Nf6 4. e5 Nfd7 5. f4 c5 6. Nf3 Nc6 7. Be3 a6 8. Qd2 Be7
9. dxc5 Nxc5 10. O-O-O Qa5 11. Kb1 b5 12. Ne2 Qxd2 13. Rxd2 O-O 14. Ned4 Bd7 15.
g4 Ne4 16. Re2 Nxd4 17. Bxd4 b4 18. Re1 Bb5 19. Bg2 Rfc8 20. Be3 a5 21. g5 b3
22. axb3 Bb4 23. Rc1 a4 24. Nd4 Bd2 25. Bxe4 Bxe3 26. Nxb5 dxe4 27. Nd6 Rc6 28.
Rcf1 axb3 29. cxb3 Rca6 30. Kc2 Rc6+ 31. Nc4 Rb8 32. h4 Bd4 1-0

[Event "11th Ugra Governor's Cup"]
[Site "Khanty-Mansiysk RUS"]
[Date "2015.11.29"]
[Round "7.9"]
[White "Khismatullin, Denis"]
[Black "Antipov, Mikhail Al."]
[Result "1/2-1/2"]
[WhiteTitle "GM"]
[BlackTitle "GM"]
[WhiteElo "2654"]
[BlackElo "2569"]
[WhiteFideId "4142578"]
[BlackFideId "4107012"]
[EventDate "2015.11.23"]

1. d4 e6 2. c4 Nf6 3. Nc3 Bb4 4. e3 O-O 5. Bd3 c5 6. Nf3 d6 7. Bd2 b6 8. d5 exd5
9. cxd5 Bb7 10. Bc4 Na6 11. Qb3 Nc7 12. Rd1 a6 13. a3 Ba5 14. a4 Rb8 15. O-O b5
16. axb5 Bxc3 17. bxa6 Bxa6 18. Qxc3 Ncxd5 19. Qc2 Bxc4 20. Qxc4 Rxb2 21. e4 Nb6
22. Qc1 Rb5 23. Bg5 h6 24. Bh4 Qe7 25. Rfe1 Nbd7 26. Nd2 Ne5 27. Nf1 Qe6 28. Ng3
Re8 29. f4 Nc6 30. e5 dxe5 31. f5 Qa2 32. Re2 Qa6 33. Bxf6 Nd4 34. Rxe5 Reb8 35.
Be7 Qa2 36. Bxc5 Nb3 37. Qe3 Qc2 38. Rf1 Nxc5 39. f6 Rb2 40. Qf3 Nd7 41. Re2
Qc5+ 42. Kh1 Nxf6 43. Ne4 Nxe4 44. Qxe4 Qb5 45. Ree1 Rb6 46. Qa8+ Rb8 47. Qe4
Qb7 48. Qg4 Ra8 49. h3 Ra5 50. Re2 1/2-1/2

[Event "11th Ugra Governor's Cup"]
[Site "Khanty-Mansiysk RUS"]
[Date "2015.11.29"]
[Round "7.10"]
[White "Sarana, Alexey"]
[Black "Ponkratov, Pavel"]
[Result "0-1"]
[BlackTitle "GM"]
[WhiteElo "2426"]
[BlackElo "2604"]
[WhiteFideId "24133795"]
[BlackFideId "4157800"]
[EventDate "2015.11.23"]

1. d4 Nf6 2. Nf3 e6 3. c4 c5 4. d5 exd5 5. cxd5 d6 6. Nc3 g6 7. e4 Bg7 8. h3 O-O
9. Bd3 Nh5 10. O-O a6 11. a4 Nd7 12. g4 Nhf6 13. Bf4 Ne8 14. Kg2 Rb8 15. Qe2 Qe7
16. Bg3 Nc7 17. a5 b5 18. axb6 Rxb6 19. Ra2 Rb4 20. Nd2 Ne5 21. Nc4 Nxc4 22.
Bxc4 Bb7 23. Qd3 f5 24. gxf5 gxf5 25. exf5 Bxc3 0-1